| 000 | 00617nam a2200193Ia 4500 | ||
|---|---|---|---|
| 008 | 151121s9999||||xx |||||||||||||| ||und|| | ||
| 082 | _aबा।वि। | ||
| 082 | _bHNW-75951 | ||
| 100 | _aटकले द। शि। | ||
| 245 | _aमायकेल फॅरेडे | ||
| 260 | _b"लोकवाङमय प्रकाशन, मुंबई।" | ||
| 260 | _c-- | ||
| 300 | _a42 | ||
| 600 | _aटकले द। शि। | ||
| 630 | _aमायकेल फॅरेडे | ||
| 700 | _aटकले द। शि। | ||
| 730 | _aमायकेल फॅरेडे | ||
| 942 | _cBOOK | ||
| 999 |
_c1257384 _d1257381 |
||